000 00298nam a22001337a 4500
008 170609b xxu||||| |||| 00| 0 eng d
020 _a9780131842267
041 _aeng
080 _25 ED
_a328
100 _a19
101 _aSHP
245 _aGOVERNMENT BY PEOPLE
_cPELTSON.B
942 _2udc
_cBK
999 _c16668
_d16668